現代教育座第 = Contemporary education theater No

Đã lưu trong:
书目详细资料
主要作者: Shimizu, Yoshihiro
格式: 图书
语言:Undetermined
出版: Japan 長宗泰造 1950
主题:
标签: 添加标签
没有标签, 成为第一个标记此记录!
Thư viện lưu trữ: Trung tâm Học liệu Trường Đại học Cần Thơ
LEADER 00591nam a2200205Ia 4500
001 CTU_239020
008 210402s9999 xx 000 0 und d
082 |a 370.952 
082 |b S556/Vol.9 
100 |a Shimizu, Yoshihiro 
245 0 |a 現代教育座第 = 
245 0 |b Contemporary education theater No 
245 0 |c Yoshihiro Shimizu (清 水 義 弘 ) 
260 |a Japan 
260 |b 長宗泰造 
260 |c 1950 
650 |a Giáo dục,Education 
650 |z Nhật Bản,Japan 
910 |a Tuyến 
980 |a Trung tâm Học liệu Trường Đại học Cần Thơ